Places with "Bay" in their name - Statistics

General Stats
  • This quiz has been taken 27 times
  • The average score is 3 of 15
Answer Stats
Hint Population Answer % Correct
Jamaica 110k {Montego} Bay
77%
USA, Wisconsin 107k {Green} Bay
65%
USA, Michigan 36k Bay {City}
38%
Namibia 102k {Walvis} Bay
35%
UK, Devon 122k {Tor}bay
19%
Argentina 337k Bahia {Blanca}
15%
Malta 32k {Saint} {Paul's} Bay
12%
UK, Tyne & Wear 36k {Whitley} Bay
12%
Australia, Qld 57k {Hervey} Bay
8%
UK, N.Yorks 600 {Robin} {Hood's} Bay
8%
Cuba 42k Bahia {Honda}
4%
USA, Alaska 1.3k {Prudhoe} Bay
4%
Canada, BC 7.5k {Mill} Bay
0%
South Africa,Western Cape 170k {Mossel} Bay
0%
South Africa, Kwazulu-Natal 57k {Richard's} Bay
0%
No matching quizzes found
Score Distribution
Percent of People with Each Score
Percentile by Number Answered
Your Score History
You have not taken this quiz